Les feuilles d'automne : Les chants du crepuscule; Les voix interieures; Les rayons et les ombres.

Sparad:
Bibliografiska uppgifter
Huvudupphovsman: Hugo, Victor, 1802-1885
Materialtyp: Bok
Språk:French
Publicerad: Paris : Flammarion, 1912.
Serie:Oeuvres de Victor Hugo, format in-16, v.4 / Hugo, Victor
LEADER 00788nam a22001931 4500
001 c000364184
003 CARM
005 00000000000000.0
008 851113n fr 0 fre d
019 1 |a 4155247  |5 LACONCORD2021 
035 |a (OCoLC)18926590  |5 LACONCORD2021 
100 1 |a Hugo, Victor,  |d 1802-1885. 
245 1 4 |a Les feuilles d'automne :  |b Les chants du crepuscule; Les voix interieures; Les rayons et les ombres. 
260 |a Paris :  |b Flammarion,  |c 1912. 
490 0 |a Oeuvres de Victor Hugo, format in-16, v.4 / Hugo, Victor 
852 8 |b CARM  |h A1:AL24A0  |i A05241  |p 0451659  |f BK 
082 0 4 |a 841.8 
999 f f |i f0d4f6bb-6929-5a2c-b2dc-1651577df31a  |s 662f0c56-fdee-5725-b708-0896e6ad69d1 
952 f f |p Can circulate  |a CAVAL  |b CAVAL  |c CAVAL  |d CARM 1 Store  |e A05241  |f A1:AL24A0  |h Other scheme  |i book  |m 0451659